书目信息 |
| 题名: |
金融投资管理与市场运营
|
|
| 作者: | 李深静 著 | |
| 分册: | ||
| 出版信息: | 北京 中国商务出版社 2021.09 |
|
| 页数: | 186页 | |
| 开本: | 26cm | |
| 丛书名: | ||
| 单 册: | ||
| 中图分类: | F830.59 , F830.9 | |
| 科图分类: | ||
| 主题词: | 金融投资--jin rong tou zi--投资管理--研究 , 金融市场--jin rong shi chang--运营管理--研究 | |
| 电子资源: | ||
| ISBN: | 978-7-5103-3789-5 | |
| 000 | 00993nam0 2200277 450 | |
| 001 | CAL 010765502 | |
| 005 | 20230217093113.0 | |
| 010 | @a978-7-5103-3789-5@dCNY58.00 | |
| 100 | @a20220113d2021 em y0chiy0120 ea | |
| 101 | 0 | @achi |
| 102 | @aCN@b110000 | |
| 105 | @ay a 000yy | |
| 106 | @ar | |
| 200 | 1 | @a金融投资管理与市场运营@Ajin rong tou zi guan li yu shi chang yun ying@f李深静著 |
| 210 | @a北京@c中国商务出版社@d2021.09 | |
| 215 | @a186页@d26cm | |
| 314 | @a李深静, 目前就职于国家开发银行, 从事评审信贷工作。 | |
| 320 | @a有书目 (第184-186页) | |
| 330 | @a本书分八章, 内容包括: 金融投资的基础理论、金融投资环境理论研究、金融投资管理与体系建设、金融风险的管理与控制、金融市场基础理论研究等。 | |
| 606 | 0 | @a金融投资@Ajin rong tou zi@x投资管理@x研究 |
| 606 | 0 | @a金融市场@Ajin rong shi chang@x运营管理@x研究 |
| 690 | @aF830.59@v5 | |
| 690 | @aF830.9@v5 | |
| 701 | 0 | @a李深静@Ali shen jing@4著 |
| 801 | 0 | @aCN@bBJXHZP@c20230228 |
| 905 | @b1386499-502@dF830.59@e584@f4 | |
| 金融投资管理与市场运营/李深静著.-北京:中国商务出版社,2021.09 |
| 186页;26cm |
| ISBN 978-7-5103-3789-5:CNY58.00 |
| 本书分八章, 内容包括: 金融投资的基础理论、金融投资环境理论研究、金融投资管理与体系建设、金融风险的管理与控制、金融市场基础理论研究等。 |
| ● |
| 相关链接 |
|
|
|
|
正题名:金融投资管理与市场运营
索取号:F830.59/584
 
预约/预借
| 序号 | 登录号 | 条形码 | 馆藏地/架位号 | 状态 | 备注 |
| 1 | 1386499 | 213864996 | 第一样本阅览室/ [索取号:F830.59/584] | 在馆 | |
| 2 | 1386500 | 213865003 | 第一借阅区/ [索取号:F830.59/584] | 在馆 | |
| 3 | 1386501 | 213865012 | 第一借阅区/ [索取号:F830.59/584] | 在馆 | |
| 4 | 1386502 | 213865021 | 第一借阅区/ [索取号:F830.59/584] | 在馆 |